Loyolite 2014: diamond jubilee celebrations (Record no. 215635)
[ view plain ]
| 000 -LEADER | |
|---|---|
| fixed length control field | 00462nam a2200157Ia 4500 |
| 008 - FIXED-LENGTH DATA ELEMENTS--GENERAL INFORMATION | |
| fixed length control field | 210719s2014 xx 000 0 und d |
| 041 ## - LANGUAGE CODE | |
| Language code of text/sound track or separate title | eng |
| 082 ## - DEWEY DECIMAL CLASSIFICATION NUMBER | |
| Classification number | 378.04 ANDL |
| 100 ## - MAIN ENTRY--PERSONAL NAME | |
| Personal name | ANDHRA LOYOLA COLLEGE |
| 245 ## - TITLE STATEMENT | |
| Title | Loyolite 2014: diamond jubilee celebrations |
| 260 ## - PUBLICATION, DISTRIBUTION, ETC. | |
| Place of publication, distribution, etc. | Andhra Pradesh |
| Name of publisher, distributor, etc. | Loyola College., |
| Date of publication, distribution, etc. | 2014 |
| 300 ## - PHYSICAL DESCRIPTION | |
| Extent | 198 |
| Other physical details | PB |
| 650 ## - SUBJECT ADDED ENTRY--TOPICAL TERM | |
| Topical term or geographic name entry element | Education |
| 650 ## - SUBJECT ADDED ENTRY--TOPICAL TERM | |
| Topical term or geographic name entry element | Higher Education |
| 906 ## - LOCAL DATA ELEMENT F, LDF (RLIN) | |
| a | 2014: ; celebrations ; diamond ; jubilee ; Loyolite |
| Withdrawn status | Lost status | Damaged status | Not for loan | Collection code | Home library | Current library | Date acquired | Total Checkouts | Full call number | Barcode | Date last seen | Price effective from | Koha item type |
|---|---|---|---|---|---|---|---|---|---|---|---|---|---|
| St Aloysius Library | St Aloysius Library | 03/02/2016 | 378.04 ANDL | D04269 | 07/19/2021 | 07/19/2021 | Donated Books |